000 00660nam a2200193 a 4500
008 120416s1982 ||||||||||||||||| || u
020 _a0070024561
050 _aE 185.61 Ash
100 _aAshmore, Harry S
245 1 0 _aHearts and minds
246 _athe anatomy of racism from Roosevelt to Reagan
260 _aNew York
_bMcGraw-Hill
_c1982.
300 _aviii, 512p.
350 _a0.00
650 _aTEXTBOOKS
650 _aAFRICAN AMERICANS--SOCIAL CONDITIONS
650 _aASHMORE, HARRY S
995 _D0.00
_FCBU-MAIN LIBRARY (Kitwe)
_H1
_I15.95
_UAVAILABLE
_ZMain Library Open Access Collection
999 _c45452
_d45452